000 00587nam a2200217 a 4500
008
020 _a8186112626 (pbk.)
049 _aMAIN
090 4 _aHD57.7
100 1 _aSaraf, V. K.
245 1 4 _aHow to become a good leader:
_bpathways to perfection /
_cV. K. Saraf.
260 _aNew Delhi :
_bUBSPD,
_c1994.
300 _axvi, 299 p. ;
_c22 cm.
650 0 _aLeadership.
650 0 _aManagement.
907 _a.b10128311
_b23-06-04
_c21-06-04
003
005 20230123133744.0
040 _cNUST
942 _cBOOKS
_kHD57.7
999 _c154067
_d154067